000 00794nam a2200229Ia 4500
001 23302
003 GE_BSU
008 181216s||||||||xx |||||||||||||| ||und||
040 _cGE_BSU
080 _a94(33) + 94(=411.16) + 94(569.4)
100 _aბათოშვილი, აბრეკ
245 _aებრაელი ხალხის ისტორიიდან.
245 _cრედ. ნ. დუმბაძე
260 _aთბილისი
260 _bსაქინფორმკინო
260 _c1991
300 _a464გვ. ; 22სმ..ილ.
541 _h30 ლ.
653 _aებრაელი ხალხის ისტორია
653 _aებრაელი ხალხის ისტორიიდან.
942 _cBK
999 _c56201
_d56201